Budapesti befogadó színházak marketingkommunikációjának elemzése és összehasonlítása
| Szerző: | |
|---|---|
| További közreműködők: | |
| Dokumentumtípus: | Záródolgozat |
| Kulcsszavak: | Marketingkommunikáció, színházi Reklámeszköz, színházi marketing Marketingmix Elemzés, összehasonlító |
| Online Access: | http://dolgozattar.uni-bge.hu/59314 |
MARC
| LEADER | 00000nta a2200000 i 4500 | ||
|---|---|---|---|
| 001 | dolg59314 | ||
| 005 | 20260109132218.0 | ||
| 008 | 260108suuuu hu o 000 hun d | ||
| 040 | |a BGE Dolgozattár Repozitórium |b hun | ||
| 041 | |a hu | ||
| 100 | 1 | |a Lukács Gergő | |
| 245 | 1 | 0 | |a Budapesti befogadó színházak marketingkommunikációjának elemzése és összehasonlítása |c Lukács Gergő |h [elektronikus dokumentum] |
| 516 | |a Final_paper | ||
| 695 | |a Marketingkommunikáció, színházi | ||
| 695 | |a Reklámeszköz, színházi marketing | ||
| 695 | |a Marketingmix | ||
| 695 | |a Elemzés, összehasonlító | ||
| 700 | 1 | |a Papp Judit |e ths | |
| 856 | 4 | 0 | |u http://dolgozattar.uni-bge.hu/59314/1/Lukacs-Gergo.pdf |z Dokumentum-elérés |